Financial accounting: principles and issues
Guardado en:
| Autor principal: | |
|---|---|
| Formato: | Libro |
| Lenguaje: | inglés |
| Publicado: |
Upper Saddle River
Prentice Hall
1985
|
| Edición: | 3a. ed |
| Materias: | |
| Etiquetas: |
Agregar Etiqueta
Sin Etiquetas, Sea el primero en etiquetar este registro!
|
MARC
| LEADER | 00000nam a2200000 a 4500 | ||
|---|---|---|---|
| 001 | UCT7516 | ||
| 003 | CL-VaPUC | ||
| 008 | 970123e19850000us |||||||||||||||||eng|d | ||
| 082 | 0 | 4 | |a 657.48 |b GRA |2 21 |
| 100 | 0 | |a Granof, Michael H |e author |9 378518 | |
| 245 | 1 | 0 | |a Financial accounting: principles and issues |
| 250 | |a 3a. ed | ||
| 300 | |a 716 p | ||
| 942 | |c BK | ||
| 945 | |d 19970123 00:00:00 |a rbrito | ||
| 260 | |a Upper Saddle River |b Prentice Hall |c 1985 | ||
| 650 | 0 | |a Contabilidad |9 261430 | |
| 650 | 0 | |a Finanzas |9 260832 | |
| 650 | 0 | |a Economía |9 255568 | |
| 650 | 0 | |a Costos |9 261063 | |
| 650 | 7 | |a TRANSACCIONES |2 CL-VaPUC |9 375998 | |
| 650 | 0 | |a Dividendos |9 374078 | |
| 650 | 0 | |a Valores |9 309628 | |
| 650 | 7 | |a ESTADOS FINANCIEROS |2 CL-VaPUC |9 378519 | |
| 583 | |a last modification |c 20171205 01:19:10 |k Rodrigo Vera | ||
| 999 | |c 256122 |d 256120 | ||
| 952 | |0 0 |1 0 |4 0 |6 657_480000000000000_GRA_1985 |7 0 |8 P |9 278694 |a BIBGIM |b BIBGIM |d 2019-11-19 |i 3278018 |o 657.48 GRA 1985 |p 3278018 |r 2025-01-15 |w 2019-11-19 |y BK |k COM | ||